000 012620000a22002770004500
003 EG-GICUC
005 20250223025258.0
008 080520s2006 ua f m 000 0 ara d
040 _aEG-GICUC
_bara
_cEG-GICUC
041 0 _aara
049 _aاهداء
097 _aماجستير
099 _aCai01.05.07.M.Sc.2006.نج.ت
100 0 _aنجلاء السيد علود
245 1 0 _aتاثير الليكود فى تسوية الصراع العربى الاسرائيلى :
_bدراسة فى حقبة نتنياهو /
_cنجلاء السيد علود ؛ اشراف احمد امين عامر : محمد عبدالنعيم
246 1 5 _aThe impact of likud in settlement of the Arab Israeli conflict :
_bAstudy in the period of "Nitanyahu"
260 _aبورسعيد :
_bنجلاء السيد علود :
_c2006
300 _a193 ص ؛
_c25سم
502 _aاطروحة (ماجستير) - جامعة قناة السويس - كلية التجارة ببور سعيد - قسم العلوم السياسية
700 0 _aاحمد امين عامر :
_eمشرف
700 0 _aمحمد عبدالنعيم :
_eمشرف
856 _uhttp://172.23.153.220/th.pdf
905 _aNazla
_eRevisor
905 _aSoheir
_eCataloger
942 _2ddc
_cTH
999 _c9521
_d9521